| 000 | 00805cam a2200205 a 4500 | ||
|---|---|---|---|
| 020 | _a9251047642 (pbk.) | ||
| 040 | _cUKM | ||
| 082 | _a639 FOO 2002 A090 Or. | ||
| 245 | 0 | 0 |
_aPrimary aquatic animal health care in rural, small-scale, aquaculture development : _btechnical proceedings of the Asia Regional Scoping Workshop, Dhaka, Bangladesh, 27-30 September 1999 / |
| 260 |
_aRome ; _a[Great Britain] : _bFood and Agriculture Organization of the United Nations, _c2002. |
||
| 300 |
_aix, 382 p. : _bill., maps ; _c30 cm. |
||
| 650 | 0 | _aAquatic animals | |
| 650 | 0 | _aAquaculture industry | |
| 650 | 0 | _aAquaculture | |
| 700 | 1 | _aArthur, J. R. | |
| 710 | 2 | _aFood and Agriculture Organization. | |
| 710 | 1 | _aGreat Britain. | |
| 710 | 2 | _aNetwork of Aquaculture Centres in Asia and Pacific. | |
| 942 | _cEK | ||
| 999 |
_c15925 _d15925 |
||